Construction contract: adjudication (Record no. 66076)

MARC details
000 -LEADER
fixed length control field 01377cam a2200217 4500
001 - CONTROL NUMBER
control field WB3706-02
008 - FIXED-LENGTH DATA ELEMENTS--GENERAL INFORMATION
fixed length control field 000000n2001 000 0 eng u
035 ## - SYSTEM CONTROL NUMBER
System control number (Sirsi) u110837
245 ## - TITLE STATEMENT
Title Construction contract: adjudication
260 ## - PUBLICATION, DISTRIBUTION, ETC.
Date of publication, distribution, etc. 2001
490 ## - SERIES STATEMENT
Series statement Estates Gazette Case Summaries
Volume/sequential designation [2001] EGCS 9 (03/02/01)
520 ## - SUMMARY, ETC.
Summary, etc. "ABB Zantingh Ltd v Zedal Building Services Ltd" T&CC 12 December 2000. The claimant (A) entered into a contract with the defendant (B) for installation of electricity generators at printing sites. The contract did not include express agreement for adjudication. When disputes occurred, B applied for an adjudicator under the Housing Grants Construction and Regeneration Act 1996. A challenged this, claiming its contracts with B were not construction contracts under the exception contained in the Housing Grants Construction and Regeneration Act 1996 s105(2). Held, claim dismissed.
590 ## - LOCAL NOTE (RLIN)
Local note WB
650 ## - SUBJECT ADDED ENTRY--TOPICAL TERM
Topical term or geographic name entry element HOUSING GRANTS CONSTRUCTION AND REGENERATION ACT 1996
650 ## - SUBJECT ADDED ENTRY--TOPICAL TERM
Topical term or geographic name entry element MANAGEMENT-DISPUTE AVOIDANCE, MANAGEMENT AND RESOLUTION-DISPUTE MANAGEMENT AND RESOLUTION-ALTERNATIVE DISPUTE RESOLUTION-ADJUDICATION
650 ## - SUBJECT ADDED ENTRY--TOPICAL TERM
Topical term or geographic name entry element BUILT ENVIRONMENT-BUILDING CONTRACT FORMS
650 ## - SUBJECT ADDED ENTRY--TOPICAL TERM
Topical term or geographic name entry element A B B ZANTINGH LTD V ZEDAL BUILDING SERVICES LTD
650 ## - SUBJECT ADDED ENTRY--TOPICAL TERM
Topical term or geographic name entry element POWER GENERATION
690 ## - LOCAL SUBJECT ADDED ENTRY--TOPICAL TERM (OCLC, RLIN)
Topical term or geographic name as entry element BUILDING AND CONSTRUCTION-CASE LAW
942 ## - ADDED ENTRY ELEMENTS (KOHA)
Suppress in OPAC 0
Holdings
Withdrawn status Lost status Source of classification or shelving scheme Damaged status Not for loan Home library Current library Shelving location Date acquired Total Checkouts Full call number Barcode Date last seen Copy number Price effective from Koha item type
    Dewey Decimal Classification     London London News article 08/02/2001   WB3706-02 110837-1001 06/08/2019 1 06/08/2019 Law report